Marcher droit, Solann paroles - Statistiques

Statistiques générales
  • Ce quiz a été pris 23 fois
  • Le résultat moyen est 129 sur 163
Statistiques - réponses
Réponse % Correct
à
100%
a
100%
de
100%
droit
100%
Et
100%
Je
100%
je
100%
la
100%
l'a
100%
le
100%
les
100%
ma
100%
Ma
100%
marcher
100%
Mon
100%
mon
100%
Pour
100%
un
100%
veux
100%
grand-mère
93%
grand-père
93%
Oui
93%
Que
93%
que
93%
Qui
93%
D'en
86%
il
86%
mes
86%
pas
86%
se
86%
yeux
86%
bien
79%
dans
79%
Marseille
79%
père
79%
petite
79%
aimerait
71%
comme
71%
dit
71%
elle
71%
filmé
71%
j'étais
71%
jour
71%
n'est
71%
parce
71%
petite-fille
71%
sais
71%
souvenirs
71%
vieille
71%
voir
71%
singe
64%
Doucement
57%
doucement
57%
douceur
57%
fera
57%
j'attends
57%
lentement
57%
l'étoile
57%
orgueil
57%
Quand
57%
son
57%
veut
57%
fruits
50%
fuis
50%
grands-pères
50%
récolter
50%
tout
50%
veille
50%
Voilà
50%
vous
50%
dis
43%
Ouh
43%
sommeil
43%
truc
43%
absolument
36%
arrière-grand-mère
36%
bébé
36%
chose
36%
d'un
36%
fasse
36%
quelque
36%
retrace
36%
voulait
36%
amour
29%
dos
29%
tatoué
29%
Ouh-ouh-ouh-ouh
7%
Ouh-ouh-ouh-ouh-ouh
7%
ouh-ouh-ouh-ouh-ouh
7%
Aucun quiz correspondant
Distribution des résultats
% des personnes avec chaque résultat
Percentile par nombre de réponses
Votre historique - résultats
Vous n’avez pas pris ce quiz